Động cơ đốt trong: Giáo trình cho sinh viên cơ khí ( sách photocoppy) /

Động cơ đốt trong đóng vai trò quan trọng trong nền kinh tế, là nguồn động lực cho các phương tiện vận tải như ô tô, máy kéo, xe máy, tàu thủy, máy bay và các máy công tác như máy phát điện, bơm nước...Mặt khác, động cơ đốt trong, đặc biệ...

全面介绍

Đã lưu trong:
书目详细资料
主要作者: Phạm Minh Tuấn
格式: 图书
语言:Vietnamese
出版: H. : Khoa học và kỹ thuật , 2005
版:Tái bản lần thứ 4
主题:
标签: 添加标签
没有标签, 成为第一个标记此记录!
Thư viện lưu trữ: Thư viện Trường CĐ Kỹ Thuật Cao Thắng
LEADER 01854nam a2200265 a 4500
001 TVCDKTCT9780
003 Thư viện trường Cao đẳng Kỹ thuật Cao Thắng
005 20080624000000
008 080624
980 \ \ |a Thư viện Trường CĐ Kỹ Thuật Cao Thắng 
024 |a RG_1 #1 eb0 i1 
020 # # |a 205018 
041 0 # |a vie 
082 # # |a 629.25 /   |b PH104T-đ 
100 1 # |a Phạm Minh Tuấn 
245 0 0 |a Động cơ đốt trong: Giáo trình cho sinh viên cơ khí ( sách photocoppy) /  |c Phạm Minh Tuấn 
250 # # |a Tái bản lần thứ 4 
260 # # |a H. :  |b Khoa học và kỹ thuật ,  |c 2005 
300 # # |a 171tr. ;  |c 24cm 
520 # # |a Động cơ đốt trong đóng vai trò quan trọng trong nền kinh tế, là nguồn động lực cho các phương tiện vận tải như ô tô, máy kéo, xe máy, tàu thủy, máy bay và các máy công tác như máy phát điện, bơm nước...Mặt khác, động cơ đốt trong, đặc biệt là động cơ ô tô, là một trong những nguyên nhân chính gây ô nhiễm môi trường, nhất là ở thành phố. Do tầm quan trọng của động cơ đốt trong như vậy nên, cuốn sách " Động cơ đốt trong " bổ sung kiến thức mới và hiện đại phù hợp với thực tiễn Việt Nam. 
520 # # |a Cuốn sách động cơ đốt trong gồm 2 phần : 
520 # # |a  Phần I : Nguyên lý làm việc của động cơ đốt trong. 
520 # # |a  Phần II : Các cơ cấu và hệ thống của động cơ đốt trong. 
650 # 4 |a Động cơ đốt trong 
650 # 4 |a Cơ khí--Máy móc